| 000 | 00536nam a2200205 a 4500 | ||
|---|---|---|---|
| 001 | 7152 | ||
| 003 | CO-ViMGA | ||
| 008 | 141112s2004 ck r 000 u spa d | ||
| 020 | _a8477872937 | ||
| 040 |
_aCO-ViMGA _bspa _cCO-ViMGA |
||
| 082 | 0 | 4 | _a345.06 E761p |
| 100 | 1 |
_aEspaƱa. Ministerio de Justicia _96267 |
|
| 245 | 1 | 0 | _aLa Prueba en el Proceso Penal |
| 260 |
_aMadrid : _bArtegraf, _c1993 |
||
| 300 | _a160 p 22 cm | ||
| 490 | _aCursos, 12 | ||
| 650 | 1 | 4 | _aDERECHO PENAL |
| 650 | 1 | 4 |
_aPRUEBAS - DERECHO _952933 |
| 942 |
_2ddc _cBK |
||
| 999 |
_c19117 _d19117 |
||